000 00561nam a2200181Ia 4500
008 151018s9999 xx 000 0 und d
082 _bRBASDV4559
_a891.463
100 _aना ह आपटे
245 _aपुरुषाचे भाग्य
250 _b4
260 _bसौ सरस्वती आपटे
_c1961
300 _a88
600 _aना ह आपटे
630 _aपुरुषाचे भाग्य
700 _aना ह आपटे
730 _aपुरुषाचे भाग्य
942 _cBOOK
999 _c1006957
_d1006954